000 01380nam a2200385 c 4500
003 BLK
005 20241012131949.0
008 180411b bul|||||r ||||||| ||bul||
010 _aKNG00199468000
020 _a978-954-660-535-1
_bиздат.: ПАН
040 _aBLK
041 _aBUL
_cBUL
072 7 _2bullib
_aН85
_xДетска художествена литература Н
080 _aРуска литература
_b821.161.1
_x-93-91
_z821.161.1-93-91
700 1 _aАтанасова, Анастасия
_9384781
139 _aЦарица-птица
_bЦ 22
245 1 0 _aЦарица-птица
_cхудож. Анастасия Атанасова.
257 _aRUS
260 София
_bПАН
_c2015
300 _a10 с.
_bс цв. ил.
_c24Х22 см
380 _aDX
490 1 _aМоята първа приказка
500 _aКор. загл. - Без сведение за ориг. загл.
653 _aприказки
653 _aадаптирани книги
653 _aлитература за деца
653 _aдетска литература
659 _aН
852 _aЦб 284159
856 4 _qpdf
_u
856 4 _qpdf
_u
942 _cKNG
_n0
_019
944 _aCR
_c27.01.2017
_lБояна Костадинова
_k30551
944 _aED
_c14.10.2017
_lф /
_kПенка_Димитрова
999 _c190333
_d190333